| 000 | 00677nam a2200193 i 4500 | ||
|---|---|---|---|
| 001 | 128682 | ||
| 003 | ES-MaACL | ||
| 005 | 20230906193336.0 | ||
| 007 | t| | ||
| 008 | 070523s1948 po ||||1| por d | ||
| 080 | _a616.24-002.5 | ||
| 100 | 1 |
_aTapia, Manuel. _9109229 |
|
| 245 | 1 | 3 |
_aLa tuberculosis de la base del pulmón _b: (Patogenia) / _cManuel Tapia, Miguel Pedro Iglesias de Oliveira y Mario Geraldes Barba. |
| 260 |
_aLisboa : _bLivraria Luso-Espanhola, _c1948. |
||
| 300 |
_a238 p., 1 h. con 6 lám. : _bil. ; _c24 cm. |
||
| 700 | 1 |
_aGeraldes Barba, Mario. _956397 |
|
| 700 | 1 |
_aIglesias de Oliveira, Miguel Pedro. _965105 |
|
| 852 |
_aES-MaACL _jD-6843 _bR.28826 |
||
| 999 |
_c128682 _d128682 |
||